La actinidia: kiwi
Uloženo v:
| Hlavní autoři: | , |
|---|---|
| Médium: | Kniha |
| Jazyk: | španělština |
| Vydáno: |
Madrid
Mundi-Prensa
1987
|
| Vydání: | 2a. ed |
| Témata: | |
| Tagy: |
Přidat tag
Žádné tagy, Buďte první, kdo vytvoří štítek k tomuto záznamu!
|
MARC
| LEADER | 00000nam a2200000 a 4500 | ||
|---|---|---|---|
| 001 | UCV7260 | ||
| 003 | CL-VaPUC | ||
| 008 | 900927e19870000SP |||||||||||||||||spa|d | ||
| 082 | 0 | 4 | |a 634.725 |b ZUC |2 21 |
| 100 | 0 | |a Zuccherelli, Gilberto |e author |9 301307 | |
| 700 | 0 | |a Zuccherelli, Giuseppe |e author |9 301308 | |
| 245 | 1 | 3 | |a La actinidia: kiwi |
| 250 | |a 2a. ed | ||
| 300 | |a 228 p | ||
| 942 | |c BK | ||
| 945 | |d 19900927 00:00:00 |a mfernand | ||
| 260 | |a Madrid |b Mundi-Prensa |c 1987 | ||
| 650 | 0 | |a kiwi (Actinidia deliciosa) |9 259698 | |
| 583 | |a last modification |c 19900927 00:00:00 |k Rodrigo Vera | ||
| 999 | |c 212963 |d 212961 | ||
| 952 | |0 0 |1 0 |4 0 |6 634_725000000000000_ZUC_1987 |7 0 |8 A |9 194862 |a BIBAGR |b BIBAGR |d 2019-11-14 |i 2630087 |l 1 |o 634.725 ZUC 1987 |p 2630087 |r 2025-01-20 |s 2022-10-19 |w 2019-11-14 |y BK |k AGR | ||
| 952 | |0 0 |1 0 |4 0 |6 634_725000000000000_ZUC_1987 |7 0 |8 A |9 194863 |a BIBAGR |b BIBAGR |d 2019-11-14 |i 3399656 |l 1 |o 634.725 ZUC 1987 |p 3399656 |r 2025-01-20 |s 2022-10-19 |w 2019-11-14 |y BK |k AGR | ||